| 000 | 00483nam a2200193Ia 4500 | ||
|---|---|---|---|
| 003 | LK-CoDNM | ||
| 005 | 20240318093611.0 | ||
| 008 | 010623t1932 xxu||||| |||| 00| 1 sin d | ||
| 040 |
_aLK-CoDNM _dLK-CoDNM _eLK-CoDNM |
||
| 041 | _asin | ||
| 080 | _a104 HH13 | ||
| 100 | _aMuhandiram,C,Jayasuriya | ||
| 245 | _aබාලබෝධනය | ||
| 246 | _aBaalaboodhanaya | ||
| 260 |
_bBastian Co. _aColombo _c1932 |
||
| 300 |
_bDamaged _a34p.,15 cm |
||
| 650 | _aPoetry | ||
| 942 | _cBK | ||
| 999 |
_c96346 _d96346 |
||